| 000 | 00717nam a2200181Ia 4500 | ||
|---|---|---|---|
| 003 | GCL | ||
| 008 | 140319s9999 xx 000 0 ara d | ||
| 040 |
_aGCL / _cGCL |
||
| 082 | 0 | 4 |
_a737.49569 _bس ت |
| 100 | 1 | _aسليم عرفات المبيض | |
| 245 | 1 | 0 |
_aالنقود العربيةالفلسطينية وسكتها الاجنبية : _b( من القرن السادس قبل الميلاد و حتى عام 1946 م ) / _cسليم عرفات المبيض |
| 260 |
_aالقاهرة : _bالهيئة المصرية العامة للكتاب ، _c1989 |
||
| 300 |
_a302 ص ؛ _c26 سم |
||
| 650 | 0 | 4 | _aالنقود |
| 650 | 0 | 4 | _aسك النقود |
| 650 | 0 | 4 | _aالنقود المعدنية |
| 942 |
_2ddc _cBK |
||
| 999 |
_c54452 _d54452 |
||